Filosofía de la liberación /
El autor hace una crítica a la modernidad y al eurocentrismo y propone desde América Latina una filosofía basada en el dialogo y la inclusión de los excluidos que han sido objeto de dominación por occidente de tal manera que esboza una filosofía latinoamericana que aborda el humanismo, la raíz de la...
Сохранить в:
| Главный автор: | |
|---|---|
| Формат: | |
| Язык: | испанский |
| Опубликовано: |
Buenos Aires, Argentina :
La Aurora,
1985, c1985
|
| Серии: | (Crítica de la Cultura. Filosofía)
|
| Предметы: | |
| Метки: |
Нет меток, Требуется 1-ая метка записи!
|
MARC
| LEADER | 00000nam^a2200000^a^4500 | ||
|---|---|---|---|
| 001 | 000314149 | ||
| 005 | 20250521000000.0 | ||
| 009 | 20260310113207.028 | ||
| 020 | |a 950-551-043-8 | ||
| 037 | |a Acervo Xavier Clavigero | ||
| 041 | |a ESP | ||
| 082 | |a 199. 80 |b DUS | ||
| 100 | |a Dussel, Enrique D. |e (autor) | ||
| 245 | 1 | 0 | |a Filosofía de la liberación / |c E.D. Dussel. |
| 264 | 4 | |a Buenos Aires, Argentina : |b La Aurora, |c 1985, c1985 | |
| 300 | |a 228 p. | ||
| 336 | |a texto |b txt |2 rdacontenido | ||
| 337 | |a sin mediación |b n |2 rdamedio | ||
| 338 | |a volumen |b nc |2 rdasoporte | ||
| 440 | 1 | |a (Crítica de la Cultura. |p Filosofía) | |
| 520 | |a El autor hace una crítica a la modernidad y al eurocentrismo y propone desde América Latina una filosofía basada en el dialogo y la inclusión de los excluidos que han sido objeto de dominación por occidente de tal manera que esboza una filosofía latinoamericana que aborda el humanismo, la raíz de la historia del hombre y la libertad. | ||
| 649 | |a XX | ||
| 650 | |a Libertad - |x Filosofía - |x Tema Principal | ||
| 650 | |a Fenomenología | ||
| 650 | |a Humanismo | ||
| 650 | |a Antropología Filosófica | ||
| 650 | |a Filosofía Latinoamericana - |x Historia y Crítica - |x Tema Principal | ||
| 650 | |a Filosofía del Siglo XX | ||
| 910 | |a Fondo General | ||
| 920 | |a Impresos - Libros | ||
| 930 | |a Colección General | ||
| 905 | |a 101 | ||
| 901 | |a 015015 |b IT1 |c ACC |u 20250521 | ||
| 901 | |a 015016 |b IT1 |c ACC |u 20250521 | ||
| 902 | |a https://opac.biblio.iteso.mx/vufind/Record/000314149 | ||